Managing human resources (Record no. 3606)

MARC details
005 - DATE AND TIME OF LATEST TRANSACTION
control field 20250610123624.0
020 ## - INTERNATIONAL STANDARD BOOK NUMBER
International Standard Book Number 978-0-324-59331-0
082 ## - DEWEY DECIMAL CLASSIFICATION NUMBER
Classification number LECT 658.3 BOH
100 ## - MAIN ENTRY--PERSONAL NAME
Author name BOHLANDER, G.
245 ## - TITLE STATEMENT
Title Managing human resources
250 ## - EDITION STATEMENT
Edition statement 15th Ed.
260 ## - PUBLICATION, DISTRIBUTION, ETC.
Place of publication, distribution, etc. Mason,
Name of publisher, distributor, etc. South-western Cengage learning,
Date of publication, distribution, etc. 2010.
300 ## - PHYSICAL DESCRIPTION
Extent xxxvii, 821p.: ill.; chart, figure, picture, table.
Other physical details Glossary & index.
Dimensions 26cm.
700 ## - ADDED ENTRY--PERSONAL NAME
Other authors/Editors SNELL, S.
856 ## - ELECTRONIC LOCATION AND ACCESS
Link text Access online book
Electronic name Managing human resources
Path www.cengage.com/management/bohlander.
942 ## - ADDED ENTRY ELEMENTS (KOHA)
Source of classification or shelving scheme Dewey Decimal Classification
Koha item type Books
Holdings
Date last seen Total checkouts Full call number Barcode Cost, replacement price Price effective from Koha item type Lost status Source of classification or shelving scheme Damaged status Not for loan Withdrawn status Home library Current library Shelving location Date acquired Cost, normal purchase price
06/10/2025   LECT 658.3 BOH 00000012475 180000.00 06/10/2025 Books   Dewey Decimal Classification       College of Business Education Main Library College of Business Education Main Library General Collection 11/28/2014 60000.00